Central Library OPAC University of Rajshahi

Handbook of technology management / (Record no. 3920)

MARC details
000 -LEADER
fixed length control field 01004cam a2200289 a 4500
001 - CONTROL NUMBER
control field 3920
003 - CONTROL NUMBER IDENTIFIER
rucl marc code BD-RjUL
005 - DATE AND TIME OF LATEST TRANSACTION
control field 20211208233812.0
008 - FIXED-LENGTH DATA ELEMENTS--GENERAL INFORMATION
fixed length control field 131221r20082006ii a bf 001 0 eng d
020 ## - INTERNATIONAL STANDARD BOOK NUMBER
International Standard Book Number 0070236194
International Standard Book Number 8130903075
International Standard Book Number 9788130903071
035 ## - SYSTEM CONTROL NUMBER
System control number (BD-RjUL)3954
040 ## - CATALOGING SOURCE
Original cataloging agency DLC
Transcribing agency DLC
Modifying agency DLC
-- (BD-RjUL)
Language of cataloging eng
041 ## - LANGUAGE CODE
Language code of text/sound track or separate title eng
082 00 - DEWEY DECIMAL CLASSIFICATION NUMBER
Classification number 658
Edition number 20
Author mark and year HAN
245 00 - TITLE STATEMENT
Title Handbook of technology management /
Statement of responsibility, etc. Gerard H. "Gus" Gaynor, editor in chief.
260 ## - PUBLICATION, DISTRIBUTION, ETC. (IMPRINT)
Place of publication, distribution, etc. New Delhi :
Name of publisher, distributor, etc. Viva Books,
Date of publication, distribution, etc. c2006 [reprent 2008].
300 ## - PHYSICAL DESCRIPTION
Pagination Various pages :
Illustrations ill. ;
Size 24 cm.
504 ## - BIBLIOGRAPHY, ETC. NOTE
Bibliography, etc Includes bibliographical references and indexes.
650 #0 - SUBJECT ADDED ENTRY--TOPICAL TERM
Topical term or geographic name as entry element Technology
General subdivision Management
-- Handbooks, manuals, etc.
9 (RLIN) 12499
700 ## - ADDED ENTRY--PERSONAL NAME
Personal name Szakonyi, Robert
856 42 - ELECTRONIC LOCATION AND ACCESS
Materials specified Publisher description
Uniform Resource Identifier <a href="http://www.loc.gov/catdir/description/mh022/96011637.html">http://www.loc.gov/catdir/description/mh022/96011637.html</a>
Materials specified Table of contents
Uniform Resource Identifier <a href="http://www.loc.gov/catdir/toc/mh022/96011637.html">http://www.loc.gov/catdir/toc/mh022/96011637.html</a>
942 ## - ADDED ENTRY ELEMENTS (KOHA)
Source of classification or shelving scheme Dewey Decimal Classification
Koha item type Books
Holdings
Lost status Source of classification or shelving scheme Damaged status Not for loan Collection code Permanent Location Current Location Shelving location Date acquired Source of acquisition Cost, normal purchase price Total Checkouts Full call number Date last seen Copy number Koha item type
  Dewey Decimal Classification     Non-fiction Central Library, University of Rajshahi Central Library, University of Rajshahi   11/07/2009 Ahashania mission 2043.50   658 HAN 2008 21/12/2013 C-3 Books
  Dewey Decimal Classification     Non-fiction Central Library, University of Rajshahi Central Library, University of Rajshahi   11/07/2009 Ahsanian Mission Book, Dhaka 2043.30   658 HAN 2008 26/07/2016 C-2 Books
  Dewey Decimal Classification     Non-fiction Central Library, University of Rajshahi Central Library, University of Rajshahi   11/07/2009 Dhaka, Ahsamia mission Book Distri : House 2043.30   658 HAN 2008 24/11/2016 C-4 Books
  Dewey Decimal Classification   Not For Loan Non-fiction Central Library, University of Rajshahi Central Library, University of Rajshahi Reading Room 11/07/2009 Ahsanian Mission Book, Dhaka 2043.30   658 HAN 2008 20/12/2016 C-1 Books